Xử lý ảnh bằng máy tính /

Spremljeno u:
Bibliografski detalji
Glavni autor: Ngô Diên Tập
Format: Knjiga
Jezik:Vietnamese
Izdano: Khoa học và kỹ thuật 1997
Oznake: Dodaj oznaku
Bez oznaka, Budi prvi tko označuje ovaj zapis!
Thư viện lưu trữ: Mạng thư viện Đại học Đà Nẵng
LEADER 00631nam a2200265 4500
001 000028539
003
005 20150406120000.0
008 150406s vm 000 vie
020 |c 0,0000 
040 |a notts 
100 |a Ngô Diên Tập 
245 |a Xử lý ảnh bằng máy tính /  |c Ngô Diên Tập 
260 |b Khoa học và kỹ thuật  |c 1997 
OWN |a LTT 
999 |a From the UDN01 
TYP |a Monograph 
TYP |a Printed language 
980 |a Mạng thư viện Đại học Đà Nẵng